MDQL
is popping MORE tags! Check the
thread
!
Quizzes
Events
Quiz Creation
Community
Videos
Private Events
Remove Ads
Sign In
Join for FREE
Feedback
Dark Mode
Quiz Categories
Sports
Geography
Music
Movies
Television
Just For Fun
Miscellaneous
History
Literature
Language
Science
Gaming
Entertainment
Religion
Holiday
For Kids
Quiz Lab
Recent
Popular Today
Quiz Kudos Today
Editor Picks
Curator Picks
Quizzes by...
Day
Popularity
Type
Ratings
Length
Year
Community
Subscriptions
Recent Discussions
Orange Saloon
Badges
Playlists
Quests
Create
Leaderboards
Showdown
Live 5
Trivia Bingo
Activity
Puzzle Library
Sporcle Events
Private Events
Virtual Trivia
Globe League
Become a Host
Pub Owners
SporcleCon
Opinionation
Our Games
Videos
Blog
Mobile Apps
Partnerships
Remove Ads and Go Orange
Feedback
Science
Computer
Plants
Astronomy
Chemistry
Elements
Math
Animal
Physics
Anatomy
Biology
Geology
General Science
Science
Computer
Plants
Astronomy
Chemistry
Elements
Math
Animal
Physics
Anatomy
Biology
Geology
General Science
Random Quiz
Search Sporcle
×
Quiz Lab
Quiz Lab
Science
muscle
Type in answers that appear in a list
Type in answers that appear in a list
Classic
Best Score? Go Orange.
Kinesiology of Stairs Stats
Can you name the Stair Kinesiology?
By
davo499
20m
71 Questions
3 Plays
3 Plays
3 Plays
Comments
Comments
Give Quiz Kudos
Give Quiz Kudos
-
- Ratings
hide this ad
Forced Order
Answers have to be entered in order
Answers have to be entered in order
Replay
Link that replays current quiz
Next Quiz
Link to next quiz in quiz playlist
You Got
0%
They Got
Avg Score
19%
Avg Friend Score
Upgrade to see
Score Distribution
Jump to the score distribution portion of the page
Score
0/71
Timer
20:00
0
Plays Today
Hint
Answer
% Correct
UpP1 -
Left Hip
Anatomical Position, 0°
50%
UpP1 -
Left Hip
50°-70°
50%
UpP1 -
Left Hip
Flexion
50%
UpP1 -
Left Hip
Iliacus (c)
0%
UpP1 -
Left Hip
Psoas Major
0%
UpP1 -
Left Hip
Psoas Minor
0%
UpP1 -
Left Hip
Gluteus Maximus
0%
UpP1 -
Left Hip
Gluteus Medius
0%
UpP1 -
Left Knee
Anatomical Position, 0°
0%
UpP1 -
Left Knee
60°-90°
0%
UpP1 -
Left Knee
Flexion
0%
UpP1 -
Left Knee
Biceps Femoris
0%
UpP1 -
Left Knee
Semimembranosus
0%
UpP1 -
Left Knee
Semitendinosus
0%
UpP1 -
Left Knee
Rectus Femoris
0%
UpP1 -
Left Knee
Vastus Intermedialis
0%
UpP1 -
Left Knee
Vastus Lateralis
0%
UpP1 -
Left Knee
Vastus Medialis
0%
UpP1 -
Left Ankle Joint
Anatomical Position, 0°
0%
UpP1 -
Left Ankle Joint
5°-20°
0%
UpP1 -
Left Ankle Joint
Plantar Flexion
0%
UpP1 -
Left Ankle Joint
Gastrocnemius
0%
UpP1 -
Left Ankle Joint
Soleus (c)\Soleus
0%
UpP1 -
Left Ankle Joint
Tibialis Anterior
0%
UpP1 -
Left Glenhumeral Joint
Anatomical Position, 0°
0%
UpP1 -
Left Glenhumeral Joint
10°-20°
0%
UpP1 -
Left Glenhumeral Joint
Flexion
0%
UpP1 -
Left Glenhumeral Joint
Anterior Deltoids
0%
UpP1 -
Left Glenhumeral Joint
Pectoralis Major
0%
UpP1 -
Left Glenhumeral Joint
Latissimus Dorsi
0%
UpP1 -
Left Glenhumeral Joint
Posterior Deltoids
0%
UpP1 -
Left Glenhumeral Joint
Rhomboids
0%
UpP2 -
Left Hip
50°-70°
0%
UpP2 -
Left Hip
Anatomical Position, 0°
0%
UpP2 -
Left Hip
Extension
0%
UpP2 -
Left Hip
Biceps Femoris
0%
Hint
Answer
% Correct
UpP2 -
Left Hip
Gluteus Maximus
0%
UpP2 -
Left Hip
Semimembranosus
0%
UpP2 -
Left Hip
Semitendinosus
0%
UpP2 -
Left Hip
Rectus Femoris
0%
UpP2 -
Left Hip
Vastus Intermedialis
0%
UpP2 -
Left Hip
Vastus Lateralis
0%
UpP2 -
Left Hip
Vastus Medialis
0%
UpP2 -
Left Knee
60°-90°
0%
UpP2 -
Left Knee
Anatomical Position, 0°
0%
UpP2 -
Left Knee
Extension
0%
UpP2 -
Left Knee
Rectus Femoris
0%
UpP2 -
Left Knee
Vastus Intermedialis
0%
UpP2 -
Left Knee
Vastus Lateralis
0%
UpP2 -
Left Knee
Vastus Medialis
0%
UpP2 -
Left Knee
Biceps Femoris
0%
UpP2 -
Left Knee
Semimembranosus
0%
UpP2 -
Left Knee
Semitendinosus
0%
UpP2 -
Right Hip
Anatomical Position, 0°
0%
UpP2 -
Right Hip
50°-70°
0%
UpP2 -
Right Hip
Flexion
0%
UpP2 -
Right Hip
Iliacus (c)
0%
UpP2 -
Right Hip
Psoas Major
0%
UpP2 -
Right Hip
Psoas Minor
0%
UpP2 -
Right Hip
Gluteus Maximus
0%
UpP2 -
Right Hip
Gluteus Minimus
0%
UpP2 -
Right Knee
Anatomical Position, 0°
0%
UpP2 -
Right Knee
60°-90°
0%
UpP2 -
Right Knee
Flexion
0%
UpP2 -
Right Knee
Biceps Femoris
0%
UpP2 -
Right Knee
Semimembranosus
0%
UpP2 -
Right Knee
Semitendinosus
0%
UpP2 -
Right Knee
Rectus Femoris
0%
UpP2 -
Right Knee
Vastus Intermedialis
0%
UpP2 -
Right Knee
Vastus Lateralis
0%
UpP2 -
Right Knee
Vastus Medialis
0%
Quiz Playlist
Details
Report
Send in Message
Add To Playlist
Classic:
Type in answers that appear in a list
Forced Order:
Answers have to be entered in order
Last Updated: Feb 16, 2017
Quiz Scoreboard
CHALLENGE
Sign Up to Join the Scoreboard
Show All
Scores
Hide
Comments
May contain spoilers
Recently Published
Holiday 10x10 Sorting Gallery
by lukepisani3
Holiday
15m
Two Season TV Shows II
by 123Four
Television
10m
Image Sorting: Flags VI
by Barbecue
Geography
2m
More to Explore
Quiz From the Vault
Featured Blog Post
14 Easter Pick-up Lines to Find Eggs With
hide this ad
You Might Also Like...
Tags
Body
fit
Kinesiology
Movement
muscle
stair
Walk
Today's Top Quizzes in Science
Browse Science
hide this ad
Today's Top Quizzes in muscle
Browse muscle
Top Contributed Quizzes in Science
1
Mitosis Sporcle for Escape Room
2
Windmill: Elements
3
DNA Speed Challenge For Breakout Box
4
200 Vogels in Nederland
5
Elements In Images
6
Glycolysis
7
Quick Pick: 'CI-CJ' Animals
8
Astronomy Spelling Bee
9
perfect squares 1-25
10
Periodic Table of Elements by Abbreviations
Explore More
Trending Topics
Anime
NBA
Marvel
Harry Potter
Crossword
Kpop
Disney
The Office
Puzzle
Soccer
NFL
Country
Pokémon
WWE
Song
hide this ad
More By:
davo499
Quiz
Plays
Rating
Category
Featured
Created
Australian General Knowledge
4,656
3.70
Geography
Jan 8, 2010
Australian Cities [2010 Est]
2,396
4.50
Geography
Oct 17, 2009
Australian Football League Premiers
1,964
4.40
Sports
Oct 2, 2009
Melbourne Cup Winners
1,867
5.00
Sports
Nov 3, 2009
Streets of Melbourne's Grid
1,800
4.50
Geography
Oct 14, 2009
Go to Creator's Profile
Score Distribution
Quiz Creator Spotlight
davo499
Follow
Send a Message
Quizzes Created
-
Created Quiz Play Count
-
More By This Creator
Popular Quizzes Today
1
Find the US States - No Outlines Minefield
2
Colored Red Africa Blitz
3
Find the 'City' Movie
4
The Countries of the World
5
Find the US States
6
5x2 Blitz: Bands
7
Find the Countries of Europe - No Outlines Minefield
8
US States
More Science Quizzes
One Thing in Common: Computers
Editor's Pick
Trending Quizzes
Colored Red Europe Blitz I
Colored Red Europe Blitz II
Colored Red Africa Blitz II
Colored Red Europe Blitz III
Colored Red Africa Blitz III
Recently Updated
Odd Team Out - Big 4 Players
pecheneg
Quick Pick: 20 Twenties
pecheneg
March Madness Men's Triple Doubles
pecheneg
How Do You Spell That?
pecheneg
Godzilla Movies
pecheneg
Grab Bag: 4-10 Letters
pecheneg
2024 March Madness Bracket
pecheneg
Famous TV Couples
Peacemaker
Champions League XIs: Real Madrid
pecheneg
Largest US Cities 1790-2010
pecheneg
Trending Topics
Kpop
NBA
Harry Potter
Anime
Crossword
Marvel
Disney
NFL
Country
Soccer
Pokémon
Puzzle
The Office
Song
WWE
Your Account Isn't Verified!
In order to create a playlist on Sporcle, you need to verify the email address you used during registration. Go to your
Sporcle Settings
to finish the process.
Report this User
Report this user for behavior that violates our
Community Guidelines
.
Details:
Send Report
Go to the Sporcle.com Mobile Site →
Comments